Rozwiń Skrót -Czy znasz ten skrótowiec/akronim? #2 - Statystyki

Ogólne statystyki
  • Ten quiz został rozwiązany 1 021 razy
    988 od ostatniego zresetowania
  • Średni wynik to 14 z 50
Statystyki odpowiedzi
Lp Akronim Odpowiedź % Poprawnych
13 TVP Telewizja Polska
89%
23 PZPN Polski Związek Piłki Nożnej
83%
5 OSP Ochotnicza Straż Pożarna
79%
21 AK Armia Krajowa
75%
7 PKB Produkt Krajowy Brutto
74%
38 Sp. Z O. O. Spółka z Ograniczoną Odpowiedzialnością
67%
3 CBA Centralne Biuro Antykorupcyjne
66%
14 LO Liceum Ogólnokształcące
66%
29 S.A. Spółka Akcyjna
63%
24 UJ Uniwersytet Jagielloński
60%
6 PCK Polski Czerwony Krzyż
56%
47 PZPS Polski Związek Piłki Siatkowej
49%
50 MO Milicja Obywatelska
43%
1 RKO Resuscytacja krążeniowo-oddechowa
43%
30 ABW Agencja Bezpieczeństwa Wewnętrznego
41%
25 SGH Szkoła Główna Handlowa
39%
40 Dz. U. Dziennik Ustaw
34%
12 KRRiT Krajowa Rada Radiofonii i Telewizji
34%
15 BOŚ Bank Ochrony Środowiska
26%
22 AL Armia Ludowa
24%
9 PKN Produkt Krajowy Netto
24%
45 KC PZPR Komitet Centralny Polskiej Zjednoczonej Partii Robotniczej
23%
42 PLL Polskie Linie Lotnicze
21%
2 PTTK Polskie Towarzystwo Turystyczno-Krajoznawcze
19%
36 EWG Europejska Wspólnota Gospodarcza
17%
16 PKO Powszechna Kasa Oszczędności
17%
49 MZ Ministerstwo Zdrowia
15%
37 SM Spółdzielnia Mieszkaniowa
14%
44 KC Kodeks Cywilny
11%
26 GUC Główny Urząd Ceł
10%
19 IOŚ Instytut Ochrony Środowiska
10%
31 S.K.A. Spółka Komandytowo-Akcyjna
10%
33 KM Koleje Mazowieckie
9%
10 GIODO Generalny Inspektor Ochrony Danych Osobowych
8%
8 PKN Polski Komitet Normalizacyjny
6%
41 KGHM Kombinat Górniczo-Hutniczy Miedzi
5%
20 RPD Rzecznik Praw Dziecka
5%
27 GROM Grupa Reagowania Operacyjno-Manewrowego
4%
48 PZSS Polski Związek Strzelectwa Sportowego
4%
17 NCN Narodowe Centrum Nauki
3%
32 BOA Biuro Operacji Antyterrorystycznych
2%
34 EBOiR Europejski Bank Odbudowy i Rozwoju
2%
46 MTS Międzynarodowy Trybunał Sprawiedliwości
2%
18 OW Ośrodek Wypoczynkowy
2%
35 DDT Dichlorodifenylotrichloroetan
1%
43 PTPR Polskie Towarzystwo Pielęgniarstwa Ratunkowego
1%
4 ZZN Zespół Zarządców Nieruchomości
1%
39 AOTM Agencja Ochrony Technologii Medycznych
0%
11 eWUŚ Elektroniczny System Weryfikacji Uprawnień Świadczeniobiorców
0%
28 GSR Grupa Szybkiego Reagowania
0%
Nie znaleziono quizów pasujących do podanych kryteriów
Rozkład punktacji
Procent ludzi z każdym wynikiem
Percentyl według liczby udzielonych odpowiedzi
Twoja historia wyników
Nie rozwiązałeś tego quizu od ostatniego zresetowania